| 000 | 00617nam a2200193 a 4500 | ||
|---|---|---|---|
| 003 | BD-DhJNU | ||
| 005 | 20250810063441.0 | ||
| 008 | 241031b bg ||||| |||| 00| 0eng d | ||
| 020 | _a9789843458131 | ||
| 040 |
_aBD-DhJNU _bENG _cBD-DhJNU _dBD-DhJNU |
||
| 082 | 0 | 0 |
_a954.92 SAH _223 |
| 100 | _aSamad, Abdus | ||
| 245 |
_aHistory of liberation war of Bangladesh / _cAbdus Samad. |
||
| 260 |
_aDhaka : _bAparajeyo Bangla, _c2019. |
||
| 300 |
_a360 p. : _bill. ; _c22 cm. |
||
| 504 | _aIncludes bibliographical references and index. | ||
| 650 | 0 |
_aBangladesh history-liberation war; Bangladesh history. _95192 |
|
| 942 | _cBK | ||
| 999 |
_c1975 _d1975 |
||